000 00838cam a2200277 4500
001 3614673
003 OSt
005 20230703091348.0
008 740725s1974 nyu b 001 0 eng
010 _a 73020790
020 _a0801408261
040 _aDLC
_cDLC
_dDLC
043 _an-us-ny
082 0 0 _a352.9
_bBEN
100 1 _aBenjamin, Gerald.
245 1 0 _aRace relations and the New York City Commission on Human Rights.
260 _aIthaca [N.Y.]
_bCornell University Press
_c[1974]
300 _a274 p.
_c22 cm.
350 _a$12.50
504 _aBibliography: p. 261-268.
610 1 0 _aNew York (N.Y.).
_bCity Commission on Human Rights.
650 0 _aCivil rights
_zNew York (State)
_zNew York.
651 0 _aNew York (N.Y.)
_xRace relations.
906 _a7
_bcbc
_corignew
_d2
_eocip
_f19
_gy-gencatlg
942 _2ddc
_cBK
999 _c3135
_d3135